000 00571nam a2200241 a 4500
001 nice12345678
003 IN_TiNIC
005 20260116011726.0
008 050524s0000 muma grp 000 0 urd
020 _a
_c100
082 0 0 _a297.4
_bARG
100 _aFarooq Argali,
245 _aAllah Walon Ki Baatein
260 _aMumbai
_bGarg and Co, . Delhi
_c0000
300 _a80p
500 _aincludes index and biblioraphy
505 2 _aIndex
650 _aSufism-Quotations
700 1 _aFarooq Argali,
902 _bSRS
942 _cBK
999 _c3555
_d3555